00478nam a2200133Ia 4500008004100000020001800041100003400059245003500093250001600128260002900144300001400173999001900187952013800206171211s9999 xx 000 0 und d a9789746522458 aStevens, Christine Dorresteyn aClinical Immunology & Serology a3rd Edition bF.A. Davis Companyc2010 a454 pages c350876d350876 001040aSSLCbSSLCcSSLCd2017-12-11eLibrary Fundl1oRB 46.5 .St73 2010pSSLC1520r2018-05-15 00:00:00s2018-03-02w2017-12-11yBK